The Oxford dictionary of philosophy / (Record no. 30608)
[ view plain ]
| 000 -LEADER | |
|---|---|
| fixed length control field | 00999cam a22002897i 4500 |
| 001 - CONTROL NUMBER | |
| control field | 18722623 |
| 005 - DATE AND TIME OF LATEST TRANSACTION | |
| control field | 20191203090100.0 |
| 008 - FIXED-LENGTH DATA ELEMENTS--GENERAL INFORMATION | |
| fixed length control field | 150730s2016 enk d 000 0 eng |
| 010 ## - LIBRARY OF CONGRESS CONTROL NUMBER | |
| LC control number | 2015948056 |
| 020 ## - INTERNATIONAL STANDARD BOOK NUMBER | |
| International Standard Book Number | 9780198735304 (pbk.) |
| 020 ## - INTERNATIONAL STANDARD BOOK NUMBER | |
| International Standard Book Number | 0198735308 (pbk.) |
| 035 ## - SYSTEM CONTROL NUMBER | |
| System control number | (OCoLC)ocn942359185 |
| 040 ## - CATALOGING SOURCE | |
| Original cataloging agency | AU@ |
| Language of cataloging | eng |
| Description conventions | rda |
| Transcribing agency | AU@ |
| Modifying agency | TEF |
| -- | OCLCO |
| -- | CDX |
| -- | YDXCP |
| -- | BTCTA |
| -- | BDX |
| -- | OCLCF |
| -- | OCLCO |
| -- | COO |
| -- | SHH |
| -- | VP@ |
| -- | LMR |
| -- | MNG |
| -- | DLC |
| 042 ## - AUTHENTICATION CODE | |
| Authentication code | lccopycat |
| 050 00 - LIBRARY OF CONGRESS CALL NUMBER | |
| Classification number | B 41 .B53 2016 |
| 100 1# - MAIN ENTRY--PERSONAL NAME | |
| Personal name | Blackburn, Simon, |
| Dates associated with a name | 1944- |
| Relator term | author. |
| 245 14 - TITLE STATEMENT | |
| Title | The Oxford dictionary of philosophy / |
| Statement of responsibility, etc. | Simon Blackburn. |
| 250 ## - EDITION STATEMENT | |
| Edition statement | Third edition. |
| 300 ## - PHYSICAL DESCRIPTION | |
| Extent | x, 531 pages ; |
| Dimensions | 20 cm. |
| 490 1# - SERIES STATEMENT | |
| Series statement | Oxford quick reference |
| 650 #0 - SUBJECT ADDED ENTRY--TOPICAL TERM | |
| Topical term or geographic name as entry element | Philosophy |
| Form subdivision | Dictionaries. |
| 650 #7 - SUBJECT ADDED ENTRY--TOPICAL TERM | |
| Topical term or geographic name as entry element | Philosophy. |
| Source of heading or term | fast |
| 655 #7 - INDEX TERM--GENRE/FORM | |
| Genre/form data or focus term | Dictionaries. |
| Source of term | fast |
| 830 #0 - SERIES ADDED ENTRY--UNIFORM TITLE | |
| Uniform title | Oxford quick reference. |
| 942 ## - ADDED ENTRY ELEMENTS (KOHA) | |
| Source of classification or shelving scheme | |
| Koha item type | Reference Material |
| Withdrawn status | Lost status | Source of classification or shelving scheme | Damaged status | Not for loan | Home library | Current library | Shelving location | Date acquired | Source of acquisition | Cost, normal purchase price | Total Checkouts | Full call number | Barcode | Date last seen | Price effective from | Koha item type |
|---|---|---|---|---|---|---|---|---|---|---|---|---|---|---|---|---|
| MACHAKOS UNIVERSITY LIBRARY | MACHAKOS UNIVERSITY LIBRARY | Reference | 03/12/2019 | Purchase - Corporate Campus | 1099.00 | REF B 41 .B53 2016 | 23198 | 05/07/2022 | 03/12/2019 | Reference Material | ||||||
| MACHAKOS UNIVERSITY LIBRARY | MACHAKOS UNIVERSITY LIBRARY | Reference | 03/12/2019 | Purchase - Corporate Campus | 1099.00 | REF B 41 .B53 2016 | 23199 | 03/12/2019 | 03/12/2019 | Reference Material |